000
00224nam a2200097Ia 4500
008
240331s9999 xx 000 0 und d
082
_b
PAN
100
_a
Panchaangam, K
245
0
_a
Dalithugal, penngal, tamizhargal
942
_c
L
999
_c
1518
_d
1518